[Event "Petrov Memorial op"]
[Site "St Petersburg"]
[Date "1998.??.??"]
[Round "6"]
[White "Kharlov, Andrei"]
[Black "Vaulin, Alexander"]
[Result "0-1"]
[WhiteElo "2560"]
[BlackElo "2535"]
[PlyCount "56"]
[EventDate "1998.02.??"]
[EventType "swiss"]
[EventRounds "9"]
[EventCountry "RUS"]
[SourceTitle "EXT 1999"]
[Source "ChessBase"]
[SourceDate "1998.11.10"]
[SourceVersion "1"]
[SourceVersionDate "1998.11.10"]
[SourceQuality "1"]

1. e4 c5 2. Nc3 Nc6 3. Nf3 Nd4 4. Bc4 Nxf3+ 5. gxf3 a6 6. d4 b5 7. Bd5 Ra7 8.
Bf4 e6 9. Bb8 Rc7 10. Ba8 cxd4 11. Bxc7 Qxc7 12. Qxd4 Qb8 13. Bd5 b4 14. Na4
exd5 15. exd5 Bd6 16. O-O-O Ne7 17. Qxg7 Be5 18. Qg4 d6 19. Qc4 O-O 20. f4 Bf6
21. b3 a5 22. Rhe1 Bf5 23. Re2 Ng6 24. Rg1 Kh8 25. Rd2 Re8 26. f3 Qa7 27. Rgd1
Qe3 28. Qa6 Nxf4 0-1

[Event "Petrov Memorial op"]
[Site "St Petersburg"]
[Date "1998.??.??"]
[Round "8"]
[White "Kharlov, Andrei"]
[Black "Totsky, Leonid"]
[Result "1/2-1/2"]
[WhiteElo "2560"]
[BlackElo "2490"]
[PlyCount "98"]
[EventDate "1998.02.??"]
[EventType "swiss"]
[EventRounds "9"]
[EventCountry "RUS"]
[SourceTitle "EXT 1999"]
[Source "ChessBase"]
[SourceDate "1998.11.10"]
[SourceVersion "1"]
[SourceVersionDate "1998.11.10"]
[SourceQuality "1"]

1. d4 e6 2. Nf3 c5 3. e4 cxd4 4. Nxd4 a6 5. Nc3 b5 6. Be3 Bb7 7. f3 Qc7 8. Qd2
Nf6 9. g4 b4 10. Nce2 d5 11. g5 Nfd7 12. exd5 Bxd5 13. Nf4 Nb6 14. Bd3 N8d7 15.
Nxd5 Nxd5 16. Be4 N7b6 17. Qe2 Bc5 18. Bf2 O-O 19. O-O-O Rfd8 20. Bg3 Qd7 21.
Kb1 Qa4 22. Rd3 Rac8 23. Nb3 Be7 24. h4 Bd6 25. Bxd6 Rxd6 26. Qh2 Rdc6 27. Rd4
Nc4 28. Bxd5 exd5 29. Rxd5 h5 30. gxh6 Rxh6 31. Rg1 Qc6 32. Rc5 Qd7 33. Rxc8+
Qxc8 34. Qf4 Qe6 35. Qb8+ Kh7 36. Qxb4 Rxh4 37. Qc3 g6 38. Nd2 Nxd2+ 39. Qxd2
Qf6 40. Rf1 Rf4 41. Qg2 Kg7 42. a3 a5 43. Qh3 g5 44. Rh1 Rh4 45. Qg2 Rxh1+ 46.
Qxh1 Qf4 47. Qc1 Qxf3 48. Qxg5+ Kh7 49. Qxa5 Qf1+ 1/2-1/2

[Event "Petrov Memorial op"]
[Site "St Petersburg"]
[Date "1998.??.??"]
[Round "9"]
[White "Moiseenko, Alexander"]
[Black "Kharlov, Andrei"]
[Result "0-1"]
[WhiteElo "2435"]
[BlackElo "2560"]
[PlyCount "140"]
[EventDate "1998.02.??"]
[EventType "swiss"]
[EventRounds "9"]
[EventCountry "RUS"]
[SourceTitle "EXT 1999"]
[Source "ChessBase"]
[SourceDate "1998.11.10"]
[SourceVersion "1"]
[SourceVersionDate "1998.11.10"]
[SourceQuality "1"]

1. d4 d5 2. c4 e6 3. Nc3 c6 4. Nf3 dxc4 5. g3 b5 6. Bg2 Bb7 7. O-O Nd7 8. a4 a6
9. e4 Ngf6 10. e5 Nd5 11. Ng5 N7b6 12. Qh5 Qd7 13. a5 Nxc3 14. bxc3 Nd5 15.
Bxd5 cxd5 16. Nxh7 O-O-O 17. Nxf8 Rdxf8 18. Qg4 f5 19. Qg6 b4 20. cxb4 Bc6 21.
h4 Re8 22. Kg2 Ba4 23. Ra2 Bb3 24. Rb2 Kb7 25. h5 Ka8 26. Rh1 Ba4 27. h6 gxh6
28. Rxh6 c3 29. Rxh8 Rxh8 30. Re2 Qh7 31. Qxh7 Rxh7 32. Re3 Rc7 33. f3 Rc4 34.
g4 f4 35. Re1 Rxd4 36. g5 Rd2+ 37. Kh1 Rf2 38. Bxf4 d4 39. g6 Bc2 40. Rg1 Kb7
41. g7 Bh7 42. g8=Q Bxg8 43. Rxg8 d3 44. Kg1 d2 45. Kxf2 d1=Q 46. Be3 c2 47.
Rg1 Kc6 48. Rg8 Kb5 49. Rb8+ Ka4 50. Rb6 c1=Q 51. Bxc1 Qxc1 52. Rxe6 Qd2+ 53.
Kg3 Qe1+ 54. Kg4 Qxb4+ 55. f4 Kxa5 56. Kg5 Qd2 57. Rf6 Qg2+ 58. Kf5 Qh3+ 59.
Kg6 Qg4+ 60. Kf7 Qh5+ 61. Kf8 Kb5 62. f5 a5 63. e6 Kc6 64. Rf7 a4 65. Kg7 a3
66. e7 Kd7 67. f6 a2 68. Rf8 a1=Q 69. Rd8+ Kc7 70. e8=Q Qg5+ 0-1

[Event "Eastern Class-ch 7th"]
[Site "Woburn"]
[Date "1998.??.??"]
[Round "4"]
[White "Shabalov, Alexander"]
[Black "Kharlov, Andrei"]
[Result "1-0"]
[WhiteElo "2615"]
[BlackElo "2560"]
[PlyCount "69"]
[EventDate "1998.03.??"]
[EventType "swiss"]
[EventRounds "5"]
[EventCountry "USA"]
[SourceTitle "EXT 2004"]
[Source "ChessBase"]
[SourceDate "2003.11.25"]
[SourceVersion "1"]
[SourceVersionDate "2003.11.25"]
[SourceQuality "1"]

1. e4 c5 2. Nf3 Nc6 3. d4 cxd4 4. Nxd4 Nf6 5. Nc3 e5 6. Ndb5 d6 7. Bg5 a6 8.
Na3 b5 9. Nd5 Be7 10. Bxf6 Bxf6 11. c3 O-O 12. Nc2 Rb8 13. h4 a5 14. g3 g6 15.
Nce3 Bg7 16. h5 Be6 17. a4 b4 18. Bc4 bxc3 19. bxc3 Ne7 20. Kf1 Nxd5 21. Bxd5
Qd7 22. Kg2 Rfc8 23. Qd3 Rc5 24. Rab1 Rbc8 25. c4 Bf6 26. Rb7 Qe8 27. hxg6 hxg6
28. Qd1 Rb8 29. Ra7 Bxd5 30. Nxd5 Bd8 31. Qf3 Qe6 32. Rxf7 Qxf7 33. Rh8+ Kxh8
34. Qxf7 g5 35. Qe8+ 1-0

[Event "New York op"]
[Site "New York"]
[Date "1998.03.17"]
[Round "4"]
[White "Kharlov, Andrei"]
[Black "Perelshteyn, Eugene"]
[Result "1-0"]
[WhiteElo "2560"]
[BlackElo "2375"]
[PlyCount "83"]
[EventDate "1998.03.16"]
[EventType "swiss"]
[EventRounds "9"]
[EventCountry "USA"]
[SourceTitle "CBM 064"]
[Source "ChessBase"]
[SourceDate "1998.06.02"]
[SourceVersion "1"]
[SourceVersionDate "1998.06.02"]
[SourceQuality "1"]

1. d4 Nf6 2. c4 g6 3. Nc3 Bg7 4. e4 d6 5. h3 O-O 6. Be3 e5 7. d5 Na6 8. Nf3 c6
9. Be2 cxd5 10. cxd5 Bd7 11. Nd2 Qe7 12. g4 Rfc8 13. g5 Ne8 14. h4 f5 15. gxf6
Bxf6 16. h5 Bg5 17. Bxg5 Qxg5 18. hxg6 hxg6 19. Nf3 Qf6 20. Qd2 Nc5 21. Rh6 Ng7
22. Nh4 Be8 23. Qe3 Nd7 24. Kd2 Nf8 25. Rh1 Qf4 26. Qxf4 exf4 27. Nf3 Nh5 28.
Rg1 Kf7 29. e5 dxe5 30. Nxe5+ Kf6 31. Nxg6 Nxg6 32. Bxh5 Kg7 33. Rgxg6+ Bxg6
34. Rxg6+ Kh8 35. Kd3 Rf8 36. d6 Rad8 37. Bg4 Rf7 38. Ne4 Kh7 39. Rg5 Kh6 40.
Rd5 Rg7 41. Rb5 Kg6 42. Rg5+ 1-0

[Event "New York op"]
[Site "New York"]
[Date "1998.03.18"]
[Round "5"]
[White "Chernin, Alexander"]
[Black "Kharlov, Andrei"]
[Result "1/2-1/2"]
[WhiteElo "2645"]
[BlackElo "2560"]
[Annotator "Stohl,I"]
[PlyCount "111"]
[EventDate "1998.03.16"]
[EventType "swiss"]
[EventRounds "9"]
[EventCountry "USA"]
[SourceTitle "CBM 064"]
[Source "ChessBase"]
[SourceDate "1998.06.02"]
[SourceVersion "1"]
[SourceVersionDate "1998.06.02"]
[SourceQuality "1"]

1. c4 b6 2. d4 e6 3. a3 (3. Nc3 Bb7 4. e4 ({Rather unambitious is} 4. e3 f5 5.
Nh3 Nf6 6. f3 Bb4 7. Bd2 O-O 8. Be2 Qe7 9. O-O d6 10. Nb5 Bxd2 11. Qxd2 a6 12.
Nc3 Nbd7 13. b4 c5 14. Rab1 Rac8 15. a3 cxd4 16. Qxd4 Rfd8 17. Rfd1 Ne8 18.
Rbc1 Rb8 19. Nf2 Ne5 20. e4 fxe4 21. Ncxe4 Nf7 22. Nc3 Nf6 $132 {Giorgadze,
G-Teske,H/Bad Worishofen op/1998/}) 4... Bb4 5. Bd3 (5. Qc2 Qh4 6. d5 (6. Bd3
f5 7. Nf3 Bxc3+ 8. Qxc3 Qg4 9. O-O fxe4 10. Ne5 Qh5 11. Bc2 Nf6 12. Bd1 Qh4 13.
c5 Nc6 14. cxb6 axb6 15. Nxc6 Bxc6 16. d5 Bxd5 17. Qxc7 O-O 18. Qxb6 Ng4 19. h3
Ne5 20. b3 Rf5 21. Qd6 e3 22. Bxe3 Qe4 23. Bf3 Rxf3 {0-1,Subbaraman,V-Vera,R/
Ubeda op/1998/}) 6... Bxc3+ 7. bxc3 Nf6 8. Bd3 Na6 9. Nf3 Qg4 10. O-O Nc5 11.
h3 Qg6 12. Ne5 Qh5 13. f4 Nxd3 14. Qxd3 d6 15. Nf3 O-O-O 16. Be3 Rhe8 17. Rae1
Ba6 18. Nd4 exd5 19. exd5 Qxd5 20. Qc2 Bxc4 $19 {Ivanchuk,V-Sadler,M/Monte
Carlo blind/1998/}) 5... f5 6. d5 fxe4 7. Bxe4 Nf6 8. Bf3 Bxc3+ 9. bxc3 O-O 10.
Ne2 e5 $1 11. Ng3 d6 12. O-O Nbd7 13. Be3 Qe8 14. Re1 Ba6 15. Be2 Nc5 16. Bxc5
bxc5 17. Bd3 Nd7 18. Qc2 g6 19. a4 Qe7 20. a5 Rab8 21. Rab1 Rxb1 22. Rxb1 Nf6
23. f3 Kg7 $11 {Hauchard,A-Rechlis,G/FRA-chT Noyon/1998/}) (3. e4 Bb7 4. Bd3 f5
5. exf5 Bb4+ 6. Kf1 Nf6 7. Be2 {Beljavski's strong novelty against Short has
made line even more popular. Here Black tries something new, but still doesn't
solve all his problems.} Bd6 $5 $146 8. Bh5+ Kf8 9. fxe6 dxe6 10. Bf3 Nc6 11.
Nc3 Qe8 12. Nge2 Rd8 13. Qa4 Kf7 14. Nb5 Rf8 15. Nxd6+ cxd6 16. Bg5 Kg8 17. Re1
Qg6 18. h4 Ne4 19. Rh3 Na5 20. d5 Nxg5 21. hxg5 exd5 22. cxd5 Qxg5 23. Qe4 h6
24. b4 Rde8 25. Qd3 Bc8 26. Rh5 Rxf3 27. Qxf3 Qd2 28. Qc3 $16 {Meessen,
R-Bunzmann,D/Leuven ASLK/1998/}) 3... Bb7 (3... g6 4. e4 Bg7 5. Nc3 Ne7 6. Be3
d5 7. cxd5 exd5 8. e5 O-O 9. f4 c5 10. Nf3 Nbc6 11. Bb5 Bg4 12. O-O Nf5 13.
Bxc6 Nxe3 14. Qd3 Nxf1 15. Bxa8 c4 16. Qxf1 Qxa8 17. h3 Bf5 18. Qf2 Qc6 19. Re1
f6 20. exf6 Bxf6 21. Ne5 Qd6 22. g4 Bc8 23. Qg2 Bb7 24. Nb5 Qd8 25. Nxa7 Bh4
26. Rf1 Qe8 27. g5 Qa4 28. Qg4 $16 {Halldorsson,B-Miles,A/Reykjavik GP op/1998/
}) 4. Nc3 (4. d5 f5 5. g3 Nf6 6. Bg2 Na6 7. Nh3 Bd6 8. O-O O-O 9. b4 Be5 10.
Ra2 exd5 11. cxd5 Ne4 12. Qd3 c6 13. Bxe4 fxe4 14. Qxe4 Bf6 15. d6 Qe8 16. Qxe8
Raxe8 17. Rd1 c5 18. b5 Nb8 19. Bg5 Bxg5 20. Nxg5 Rf5 21. Nh3 Re4 22. Nc3 Rc4
23. Rd3 g5 24. f3 g4 25. Nf4 gxf3 26. exf3 $18 {[%csl Rb8] פb8,Anand,V-Sadler,
M/Monte Carlo act/1998/}) 4... f5 5. d5 Nf6 6. g3 (6. Nf3 Na6 7. g3 Nc5 8. Bg2
Nce4 $5 9. dxe6 dxe6 10. Qa4+ Qd7 11. Qxd7+ Kxd7 12. Nxe4 Bxe4 13. O-O Bd6 14.
Rd1 Ke7 15. Be3 e5 16. Rac1 Bxf3 17. Bxf3 e4 18. Bg2 Be5 19. Bd4 Bxd4 20. Rxd4
Rad8 21. Rcd1 Rxd4 22. Rxd4 Rd8 23. Rxd8 Kxd8 24. Kf1 Ke7 25. Ke1 Kd6 26. Kd2
Ke5 $15 {Hoang Thang Trang-Czebe,A/Budapest FS02 GM/1998/}) 6... g6 $5 {
A less played move.} (6... a5 {and}) (6... Na6 {are more popular alternatives.}
) 7. Bg2 (7. Nf3 exd5 $6 (7... Bg7 8. Bg2 {-7.Bg2}) 8. cxd5 Bg7 9. Rb1 O-O 10.
Bg2 a5 11. O-O Na6 12. b4 $1 {[%csl Gb4,Gd5] ()<<} axb4 13. axb4 c5 14. dxc6
dxc6 15. Nd4 Qd7 16. Qb3+ Kh8 17. Ne6 Rfe8 18. Nxg7 Kxg7 19. Na4 Qe6 20. Nxb6
Qxb3 21. Rxb3 Rad8 22. Nc4 Rxe2 23. Na5 Ba8 24. Nxc6 Rde8 25. b5 Nc5 26. Re3
Rc2 27. Nb4 $18 {Rowson,J-Cooper,L/Walsall op/1997/}) 7... Bg7 8. Nf3 ({
More promising seems to be} 8. Nh3 $142 $5 {[%csl Gf4][%cal Gg2d5] The N
doesn't obstruct Bg2 and can reach an ideal square on f4.} O-O 9. O-O Na6 (9...
a5 $6 10. c5 $1 Kh8 11. cxb6 cxb6 12. Bf4 Nxd5 13. Nxd5 Bxd5 14. Bxd5 exd5 15.
Qxd5 Nc6 16. Rad1 (16. Qd2 $16) 16... Bxb2 17. Rd3 Bf6 18. Rfd1 Qe8 19. Re3 Qf7
20. Qb5 Rfe8 21. Qxb6 Rxe3 22. Bxe3 Rd8 23. Qc5 Qe7 24. Rd5 Rb8 25. Nf4 Rb3
$132 {1/2,Cramling,P-Gulko,B/ESP-chT/1996/}) 10. Rb1 (10. b4 Nxd5 $6 11. Nxd5
exd5 12. Bxd5+ Bxd5 13. Qxd5+ Kh8 14. Ra2 c5 15. Ng5 Qe7 16. Qb7 cxb4 17. Qxa6
b3 18. Rb2 h6 19. Nf3 Bxb2 20. Bxb2+ Kg8 21. Ne5 d6 22. Nd3 Rac8 23. Qb5 Qe6
24. Rc1 g5 25. Qxb3 Kh7 26. Qc3 Rf7 27. Qd4 $18 {Yuferov,S-Lempert,I/Moscow5/
1990/}) (10. Qc2 Nc5 11. Be3 Nfe4 $1 (11... exd5 12. cxd5 Nce4 13. Rfd1 Re8 14.
Rac1 Rc8 15. Nxe4 Nxe4 16. b4 Qf6 17. Bd4 Qd6 18. e3 Bxd4 19. Rxd4 Re5 20. Rcd1
Qf6 21. f4 Re7 22. Bxe4 fxe4 23. Nf2 c5 24. Rxe4 cxb4 25. Qb3 Rc3 26. Qxb4 Rxe3
27. Ng4 {1-0,Epishin,V-Muhutdinov,M/Moscow Tal/1992/}) 12. Nxe4 Nxe4 13. dxe6 (
13. Rfd1 $142 $14) 13... dxe6 14. Ng5 Nxg5 15. Bxb7 f4 $1 16. Rad1 $13 {
1/2,Drasko,M-Filipovic,B/JUG-chT/1997/}) 10... Nc5 11. b4 Nce4 12. Bb2 exd5 13.
cxd5 Nd6 14. Qb3 Kh8 15. Rbc1 Re8 16. Rfd1 Ng4 17. a4 a6 18. e3 Rc8 19. Nf4 Ne5
20. Nce2 Ne4 21. Nd3 Qe7 22. Nxe5 Bxe5 23. Bxe4 fxe4 24. Rxc7 $1 Rxc7 25. d6
Qg7 26. Bxe5 Qxe5 27. dxc7 Qxc7 28. Qf7 Rd8 29. Nf4 {1-0,Hjartarson,
J-Gretarsson,H/Reykjavik Olafsson/1995/}) (8. e3 O-O 9. Nge2 e5 $5 10. O-O d6
11. e4 fxe4 12. Nxe4 Nxe4 13. Bxe4 Nd7 14. Nc3 Bc8 15. Bg2 Nf6 16. h3 Rf7 17.
Be3 Qf8 18. Qd2 a5 19. b4 Ba6 20. Nb5 Kh8 21. Rfc1 Ng8 22. Ra2 Bh6 23. Rac2
Bxe3 24. Qxe3 axb4 25. axb4 Bxb5 26. cxb5 Ra7 $11 {Lautier,J-Topalov,V/Linares/
1994/}) 8... Na6 (8... O-O 9. O-O Na6 10. Bf4 Nc5 (10... exd5 11. cxd5 Nc5 12.
Rc1 Nfe4 13. Be5 Bh6 14. e3 d6 15. Bd4 Ba6 16. b4 Bxf1 17. Bxf1 Nxc3 18. Bxc3
Ne4 19. Ba1 Qe7 20. Rc2 Rf7 21. Nd4 Bg7 22. Nb5 Bxa1 23. Qxa1 $44 {Kharitonov,
A-Morozevich,A/Moscow PCA-op rapid/1994/}) 11. Nb5 d6 12. dxe6 Nfe4 13. Nbd4
Qe7 14. Be3 Nxe6 15. Nxe6 Qxe6 16. Bd4 Bh6 17. b3 c5 18. Bb2 Rad8 19. e3 d5 20.
Qc2 dxc4 21. bxc4 Qe7 22. a4 Bg7 23. a5 Nd6 24. axb6 axb6 25. Ra7 Ra8 26. Rfa1
Rxa7 27. Rxa7 Ra8 $11 {Baburin,A-Lempert,I/Spring op/1991/}) 9. Rb1 (9. O-O O-O
{-8...0-0}) 9... Nc5 10. Nd2 $5 $146 (10. b4 Nce4 11. Bb2 O-O $132) (10. O-O
O-O 11. Nd2 exd5 12. cxd5 Qe7 13. Qc2 Qf7 14. b4 Na6 15. e4 fxe4 16. Ndxe4 Nxd5
17. Nxd5 Bxd5 18. Ng5 Qf5 19. Bxd5+ Qxd5 20. Be3 h6 21. Rfd1 Qf5 22. Qb3+ Kh8
23. Rd5 Qf6 24. Rxd7 hxg5 25. Bd4 Qxd4 26. Rxd4 Bxd4 27. Qc4 Bxf2+ 28. Kg2 $44
{Tabernig,B-Czebe,A/Montecatini Terme Mitropa Cup/1997/}) 10... Ng4 11. Qc2 (
11. O-O Bxc3 $1 12. bxc3 O-O $13 {[%csl Rc3,Rc4] ><c3,c4}) 11... Bd4 $1 12. Nd1
$8 (12. O-O $2 Bxf2+ 13. Rxf2 Ne3 $19) (12. e3 $2 Bxe3 $17) 12... exd5 (12...
Bxf2+ $2 13. Nxf2 Ne3 14. Qc3 Nxg2+ 15. Kf1 O-O 16. Kxg2 exd5 17. cxd5 Bxd5+
18. Nf3 $16) 13. Bxd5 (13. cxd5 $5 a5 14. b4 axb4 15. axb4 Na6 16. O-O $13)
13... Qe7 14. b4 c6 $1 (14... Bxd5 $143 15. cxd5 Ne4 $8 16. Nxe4 Qxe4 17. Qxe4+
fxe4 18. Bb2 Bxb2 19. Rxb2 $14 {[%csl Re4] ><e4}) 15. Bg2 Ne6 16. Nb3 Bg7 17.
h3 (17. c5 O-O 18. Bb2 f4 $132) 17... Ne5 18. O-O O-O 19. f4 (19. e3 d6 20. Bb2
c5 $1 $11) 19... Nf7 20. Bb2 (20. e4 fxe4 21. Qxe4 d5 22. cxd5 cxd5 23. Qd3 d4
{would be premature, White's pieces are too passive.}) 20... d5 $5 {This is
practically a pawn sacrifice, as Black will not be able to hold the Pd5 for
ever. But it's more promising than passive defence.} (20... d6 21. Bxg7 Kxg7
22. e4 $14 {[%csl Rb7,Gc4,Ge4] [+],(),ץb7}) 21. Bxg7 Nxg7 22. cxd5 cxd5 23.
Nc3 Qe3+ (23... Rac8 24. Qd3 $1 $14 (24. Qd2 Nh5 $1 $132)) 24. Kh2 Rac8 25. Rf3
Qe7 26. Rd3 Nh5 (26... Nd6 $2 27. Nxd5 $1 $16) 27. Qd2 Nf6 28. Nxd5 Bxd5 29.
Bxd5 Nxd5 30. Rxd5 Rfe8 $44 {[%csl Ra3,Rb4,Re2][%cal Ge7e2,Gc8c2] ׫,e2,<->e,c}
31. Rb2 (31. Nd4 $5 Qb7 (31... Qe3 32. Qxe3 Rxe3 33. a4 $14) (31... Qe4 32. Qa2
Rc7 33. b5 $1 $16) 32. Qa2 Rc3 $44) (31. Re1 $143 Qe3 $1 32. Qxe3 Rxe3 33. Rd3
Rxd3 34. exd3 Rc3 $36) 31... Qe3 $1 32. Qxe3 Rxe3 {[%cal Rc8c3] /\Rcc3} 33. Nd4
(33. a4 Rc4 34. Nd4 Re4 35. Nb5 Rxb4 36. Rxb4 Rxb4 $11) 33... Rxa3 34. b5 Rc7 (
34... a6 35. bxa6 Rxa6 36. Rd7 Rd8 37. Rxd8+ Nxd8 38. g4 $1 $14) 35. Rd2 (35.
g4 $6 fxg4 36. hxg4 Nh6 $36) 35... h5 $1 36. Kg2 a5 $11 37. bxa6 Rxa6 38. Nf3
Ra5 39. R5d3 (39. Rxa5 $2 bxa5 $15 {[%csl Ga5] o^a}) 39... Rac5 40. Re3 Rc2 41.
Rxc2 Rxc2 42. Re6 Kg7 43. Kf2 (43. Rxb6 Rxe2+ 44. Kf1 Re3 45. Kf2 $11) 43...
Rb2 44. Rc6 (44. Nh4 Nh8 45. Kf3 Rb1 $11) 44... Rb4 45. Re6 Nd8 46. Re7+ Kf6
47. Rc7 Nf7 48. Kg2 Rb2 49. Rc6+ Kg7 50. Nd4 Rd2 51. Ne6+ Kg8 52. Kf2 (52. Rxb6
Rxe2+ 53. Kf3 Ra2 (53... Re1 $2 54. Kf2 Ra1 55. Ng5 $1 $36) 54. Rb8+ Kh7 55.
Rb7 Ra3+ 56. Kf2 Kg8 $11) 52... Rd6 53. Rc8+ Kh7 54. Re8 b5 {[%cal Rd6b6,Rb5b3]
/\Rb6,b4-b3} 55. Re7 Kg8 56. Re8+ 1/2-1/2

[Event "New York op"]
[Site "New York"]
[Date "1998.03.19"]
[Round "6"]
[White "Kharlov, Andrei"]
[Black "Berkovich, Mark"]
[Result "1-0"]
[WhiteElo "2560"]
[BlackElo "2390"]
[PlyCount "95"]
[EventDate "1998.03.16"]
[EventType "swiss"]
[EventRounds "9"]
[EventCountry "USA"]
[SourceTitle "CBM 064"]
[Source "ChessBase"]
[SourceDate "1998.06.02"]
[SourceVersion "1"]
[SourceVersionDate "1998.06.02"]
[SourceQuality "1"]

1. c4 f5 2. g3 Nf6 3. Bg2 g6 4. Nc3 Bg7 5. e3 O-O 6. Nge2 d6 7. O-O c6 8. b3
Na6 9. d3 Bd7 10. Qd2 Rb8 11. Bb2 e6 12. a3 b5 13. b4 bxc4 14. dxc4 d5 15. cxd5
cxd5 16. Nd4 Ng4 17. Nb3 Qb6 18. Rac1 Rfc8 19. Nd1 Ba4 20. Bxg7 Kxg7 21. Na5
Nf6 22. Nb2 Bb5 23. Nd3 d4 24. Ne5 dxe3 25. Qxe3 Qxe3 26. fxe3 Nd5 27. Nac6 Rb7
28. Nd4 Rxc1 29. Rxc1 Kf6 30. Nec6 Nxe3 31. Nxb5 Rxb5 32. Nxa7 Rb6 33. Bf3 Nxb4
34. axb4 Rxb4 35. Nc6 Rb2 36. Re1 Nc4 37. Be2 Nd2 38. Bd1 Rb1 39. Ne5 g5 40.
Nd3 g4 41. Kf2 e5 42. Ke3 Nc4+ 43. Kf2 e4 44. Be2 Rb8 45. Nf4 Rb2 46. Ra1 Ke5
47. Ra7 h5 48. Rc7 1-0

[Event "New York op"]
[Site "New York"]
[Date "1998.03.20"]
[Round "7"]
[White "Hracek, Zbynek"]
[Black "Kharlov, Andrei"]
[Result "1-0"]
[WhiteElo "2500"]
[BlackElo "2500"]
[Annotator "Ftacnik,L"]
[PlyCount "53"]
[EventDate "1998.03.16"]
[EventType "swiss"]
[EventRounds "9"]
[EventCountry "USA"]
[SourceTitle "CBM 064"]
[Source "ChessBase"]
[SourceDate "1998.06.02"]
[SourceVersion "1"]
[SourceVersionDate "1998.06.02"]
[SourceQuality "1"]

1. e4 {Gofshtein,L} c5 2. Nf3 Nc6 3. d4 cxd4 4. Nxd4 Nf6 5. Nc3 d6 6. Bg5 e6 7.
Qd2 Be7 8. O-O-O Nxd4 9. Qxd4 O-O 10. f4 Qa5 11. Kb1 Rd8 12. Be2 (12. h4 Bd7
13. Qd2 (13. Bd3 h6 14. e5 dxe5 15. fxe5 Bc6 16. Qf4 Nh5 17. Qg4 Rxd3 18. Rxd3
hxg5 19. Qxh5 gxh4 20. Rd4 {1/2-1/2 Shirov,A-Anand,V/Amber-rapid6th 1997/EXP
57 (24)}) 13... Bc6 14. Bd3 Qc7 15. Qe2 a6 16. Rhf1 b5 17. e5 Nd5 18. Nxd5 Bxd5
19. Qg4 dxe5 20. fxe5 Bxg5 21. hxg5 Bc4 22. Qe4 Bxd3 23. cxd3 {1/2-1/2 Bologan,
V-Kramnik,V/BL9394 1994 (60)}) (12. Qd2 {Gofshtein,L} Bd7 13. Bxf6 (13. Nd5
Qxd2 14. Nxe7+ Kf8 15. Rxd2 Nxe4 $19) 13... Bxf6 14. Nd5 Qxd2 15. Nxf6+ gxf6
16. Rxd2 $11) 12... Bd7 13. Qe3 (13. Rhf1 Bc6 14. Qe3 b5 15. Bf3 b4 16. Ne2
Rac8 17. Nd4 Ba4 18. Rd2 Rc5 19. Rfd1 Rdc8 20. f5 exf5 21. Nxf5 Qc7 22. Nxe7+
Qxe7 23. b3 {1-0 Mencinger,V-Wittmann,W/Ljubljana 1981 (40)}) (13. Qd2 Kh8 (
13... h6 14. Bxf6 Bxf6 15. Nd5 Qxd2 16. Nxf6+ gxf6 17. Rxd2 Bc6 18. Bf3 Kf8 19.
b3 Ke7 20. Kb2 Rac8 21. c4 b6 {1/2-1/2 Shulman,Y-Ionov,S/Mikenas mem op 1997 
(42)}) 14. Bf3 Bc6 15. h4 Rac8 16. Qe2 h6 17. g4 Qc7 18. Rc1 b5 19. f5 Qb7 20.
Rh3 b4 21. Nd1 Re8 22. fxe6 fxe6 23. Nf2 {Lanka,Z-Salov,V/URS-chYM 1983/1/2-1/
2 (65)}) (13. Rd3 Rac8 14. Rhd1 Bc6 15. Rg3 {1/2-1/2 Georgiev,K-Nikolaidis,K/
Agios Nikolaos op 1995}) 13... h6 (13... Bc6 14. Qg3 (14. e5 dxe5 15. fxe5 Nd5
16. Nxd5 (16. Rxd5 {Gofshtein,L} Bxg5 17. Rxa5 Bxe3) 16... Bxg5 17. Qxg5 Bxd5
$11) (14. Rhf1) 14... Qc7 (14... Qc5 15. Bd3 e5 16. Rhf1 exf4 17. Bxf4 Nh5 18.
Qh3 Bd7 19. Qf3 Nxf4 20. Qxf4 Be6 21. Nd5 Bf8 22. h4 Rac8 23. h5 {1-0 Zhang
Zhong-Atalik,S/TCN Cup 3rd 1997 (42)}) 15. Bd3 Kh8 (15... e5 $5) (15... d5 $2
16. exd5 Nxd5 17. Nxd5 Rxd5 18. Qh4 $18) 16. e5 dxe5 (16... Ng8 $6 17. Bxh7 $1
(17. h4 $5 f6 $2 18. exf6 gxf6 19. Qg4 $40) 17... Bxg5 18. fxg5 Kxh7 19. Qh4+
Nh6 20. gxh6 (20. exd6 Rxd6 21. gxh6 g5 22. Qxg5 Rg8 23. Qh4 Rxd1+ 24. Rxd1
Rxg2 25. Ne4 Qxh2 26. Nf6+ Kg6 $15) 20... g5 $5 21. Qxg5 Rg8 22. Qf6 $16 {
Palac,M-Bologan,V/EUCup f 1996/1/2-1/2 (56)}) 17. fxe5 Ng8 18. Rhf1 (18. h4 $36
) 18... Bxg5 19. Qxg5 h6 20. Qh5 Rd7 21. Rxf7 Rxf7 22. Qg6 Nf6 23. exf6 gxf6
24. Qxh6+ Kg8 25. Re1 $40) 14. h4 (14. Bxf6 Bxf6 15. Rxd6 Bxc3 16. bxc3 Bc6 17.
Rhd1 Rxd6 18. Rxd6 Rc8 $11) (14. Bh4 {Gofshtein,L} Bc6 15. Rd3 $5) 14... Bc6 $2
{It would be very harsh to claim, that the bishop doesn't belong here. Under
the circumstances it looks like a bit slow plan, that doesn't address the
danger of white kingside pawn march.} (14... hxg5 $2 15. hxg5 Nxe4 (15... Ne8
16. Qh3 f5 17. Qh8+ Kf7 18. Bh5+ g6 19. Bxg6+ Kxg6 20. Qh7#) 16. Nxe4 $16) (
14... Rac8 $5) (14... Rac8 {Gofshtein,L} 15. Rd3 $5 {Stripunski-Hrachek,New
York 1997} (15. g4 Rxc3 16. bxc3 Rc8 $44 {Anand}) (15. e5 $2 dxe5 16. fxe5 hxg5
17. hxg5 Rxc3 18. Bd3 (18. bxc3 Nd5 $19) 18... Rxd3 19. cxd3 Ng4 20. Qh3 Nh6
$19 {Nijboer-Anand,Wijk aan Zee 1998})) 15. Rd3 Kf8 (15... b5 $5 {Gofshtein,L}
16. e5 dxe5 17. fxe5 (17. Rxd8+ Rxd8 18. fxe5 hxg5 (18... Nd5 19. Nxd5 Bxd5 20.
Bxe7 Qxa2+ 21. Kc1 Rd7 22. Qa3 $18) 19. hxg5 Bxg2 20. exf6 $1 Bxh1 21. fxe7 Re8
22. g6 Qb6 $1 (22... Rxe7 23. Qh3 fxg6 24. Qxh1 $16) (22... Bd5 23. Bh5 $1 fxg6
24. Bxg6 Rxe7 25. Nxd5 $18) (22... b4 23. Qh3 fxg6 24. Qxe6+ Kh8 25. Qh3+ Kg8
26. Bc4+ $18) 23. Qh3 Qg1+ 24. Nd1 $13) 17... Rxd3 18. cxd3 Nd5 19. Nxd5 Bxd5
20. Bxe7 Qxa2+ 21. Kc2 $13) 16. Bxf6 (16. g4 {Gofshtein,L} d5 $5 $132 (16...
hxg5 17. hxg5 Ng8 18. Rh8 $40)) 16... Bxf6 (16... gxf6 {Gofshtein,L} 17. f5 $40
) 17. Bf3 (17. g4 g5 (17... d5 $1 $132 {Gofshtein,L}) 18. hxg5 hxg5 19. fxg5
Qxg5 $5 (19... Bxg5 20. Qf2 Qe5 $14) 20. Qxg5 Bxg5 21. Rxd6 Rxd6 22. Rh8+ Kg7
23. Rxa8 Be3 $44) 17... a6 (17... b5 18. e5 $1 Bxf3 19. exf6 Bb7 20. f5 $16) (
17... Qc5 $5 {Gofshtein,L}) (17... Bxc3 $5 {Gofshtein,L} 18. Rxc3 d5 $132) 18.
g4 g5 $6 {Fighting for domination on the dark squares is very legitimate plan,
but here the location of the king on f8 makes all the difference. Black will
suffer under the white's attack.} (18... Bb5 19. Nxb5 axb5 20. a3 Be7 21. g5
$16) (18... g6 19. g5 hxg5 20. hxg5 Bg7 21. Qd2 $16) (18... Bxc3 {Gofshtein,L}
19. Rxc3 d5 $132) 19. hxg5 hxg5 20. e5 $1 Bg7 (20... gxf4 $2 21. exf6 fxe3 22.
Rh8#) (20... dxe5 21. fxg5 Bg7 (21... Rxd3 $2 22. gxf6) (21... Bxf3 {Gofshtein,
L} 22. gxf6 $18) 22. Bxc6 bxc6 23. g6 Rxd3 (23... fxg6 24. Qf3+ Kg8 25. Qh3 $18
) 24. Qxd3 Rd8 25. Qf3 f6 26. Qxc6 $18) 21. exd6 Qb4 (21... Bxf3 22. Qxf3 gxf4
23. Qxf4 $18) 22. fxg5 Rxd6 (22... Bxc3 23. Rxc3 Qxd6 24. Rd3 Qb4 25. Bxc6 bxc6
26. Rh8+ Ke7 27. a3 $18) 23. Rxd6 Qxd6 24. Bxc6 Qxc6 25. Ne4 {White has a
spare pawn and safer king.} Qb5 (25... Rc8 26. Qd3 $16) (25... Rd8 $142 {
Gofshtein,L}) 26. Qa3+ Kg8 27. Nf6+ (27. Nf6+ Bxf6 28. gxf6 Qg5 29. Qh3 Kf8 (
29... Qxf6 30. Qh7+ Kf8 31. Qh8+) 30. Qf3 Kg8 31. Qxb7 $18) 1-0